000 00576nam a2200193Ia 4500
999 _c10780
_d10780
003 OSt
005 20191228105210.0
008 190216s9999||||xx |||||||||||||| ||und||
020 _a9780071163064
040 _coclc
082 _a330.015195
_bGUJ/E
100 _aGujarati, Damodar N
_9867
245 0 _aEssentials Of Econometrics /
_cDamodar Gujarati
250 _a2nd ed.
260 _bMcgraw -hill International Editions,
_aSingapore:
_c1999.
300 _a534p
650 _aEconomics
942 _cBK
_2ddc
_h330.015195
_iGUJ/E
_k330.015195
_mGUJ/E